000 01557cam a2200421 i 4500
999 _c533030
_d533030
001 19108979
003 NUST
005 20191210160123.0
008 160526s2016 pk ab b 000 0deng
010 _a 2016349370
020 _a9789698535360
025 _aP-E-2016349370; 34
037 _bLibrary of Congress -- Islamabad Overseas Office
_cRs 800
038 _aMuhammad Ibrahim
040 _aDLC
_beng
_cDLC
_erda
042 _alcode
043 _aa-cc---
_aa-pk---
050 0 0 _aHC427.95
_b.J38 2016
082 _a327.51054
_bHAS 2016
100 1 _aHasan Javed, Syed ,
_d1955-
_eauthor.
_926713
245 1 0 _aRise of China and the Asian century /
_cAmbassador (R) Syed Hasan Javed.
264 1 _aIslamabad :
_bNational University of Sciences and Technology,
_c2016.
300 _a200 pages :
_bcolor illustrations, maps ;
_c23 cm
336 _atext
_btxt
_2rdacontent
337 _aunmediated
_bn
_2rdamedia
338 _avolume
_bnc
_2rdacarrier
504 _aIncludes bibliographical references.
546 _aSome in Chinese.
650 0 _aEconomic development
_zChina.
_95068
651 0 _aChina
_xEconomic conditions
_y2000-
_95069
651 0 _aChina
_xEconomic policy
_y2000-
_95070
651 0 _aPakistan
_xRelations
_zChina.
_95071
651 0 _aChina
_xRelations
_zPakistan.
_95072
710 2 _aNational University of Sciences and Technology (Islāmābād, Pakistan)
_94252
906 _a7
_bcbc
_corigode
_d3
_encip
_f20
_gy-gencatlg
942 _2ddc
_cBK